000 00294nam a22001337a 4500
008 181016b xxu||||| |||| 00| 0 eng d
020 _a0721638600
041 _aeng
080 _a617
100 _a8
101 _aOFT
245 _aCurrent Ocular Therapy
_cFraunfelder,F.T
942 _2udc
_cBK
999 _c49810
_d49810